Consoles vidéoludiques par jeux n°1 - Statistiques

Statistiques générales
  • Ce quiz a été pris 686 fois
  • Le résultat moyen est 3 sur 5
Statistiques - réponses
Jeux Consoles % Correct
Super Mario Sunshine, Sonic Mega Collection, Luigi's Mansion Game Cube
90%
Kinect Adventures, Minecraft, Battlefield 3 Xbox 360
77%
Sonic the Hedgehog, Le Roi lion, Mortal Kombat Mega drive
74%
Pac Man, Space Invaders, Asteroids Atari 2600
46%
Centipede, Donkey Kong, Jumpman ColecoVision
4%
Aucun quiz correspondant
Distribution des résultats
% des personnes avec chaque résultat
Percentile par nombre de réponses
Votre historique - résultats
Vous n’avez pas pris ce quiz